Endogenous peptides and learning and memory processes /

Bibliographic Details
Other Authors: Martinez, J. L. (Joe L.)
Format: Book
Language:English
Published: New York, N.Y. : Academic Press, 1981.
Series:Behavioral biology (New York, N.Y. : 1978)
Subjects:

MARC

Tag First Indicator Second Indicator Subfields
LEADER 00000cam a2200000 a 4500
001 in00000083820
005 20151008054318.0
008 810811s1981 nyua b 00100 eng
010 |a  81012691  
020 |a 0124749801 
035 |a (OCoLC)07737325 
035 |9 AAJ0285AM 
039 0 |a 2  |b 3  |c 3  |d 3  |e 3 
040 |a DLC  |c DLC  |d WAU  |d TXA  |d UtOrBLW 
049 |a TXAM  |c [932859] 
050 0 0 |a QP408  |b .E5 
082 0 |a 615/.78  |2 19 
096 |a QU 68 E56 1981 
245 0 0 |a Endogenous peptides and learning and memory processes /  |c edited by Joe L. Martinez, Jr. [and others]. 
264 1 |a New York, N.Y. :  |b Academic Press,  |c 1981. 
300 |a xx, 587 pages :  |b illustrations ;  |c 24 cm. 
336 |a text  |b txt  |2 rdacontent 
337 |a unmediated  |b n  |2 rdamedia 
338 |a volume  |b nc  |2 rdacarrier 
490 1 |a Behavioral biology 
504 |a Includes bibliographies and index. 
650 0 |a Learning  |x Physiological aspects. 
650 0 |a Memory  |x Physiological aspects. 
650 0 |a Peptides. 
650 0 |a Nerve tissue proteins. 
650 2 |a Peptides  |x metabolism. 
650 2 |a Learning  |x physiology. 
650 2 |a Memory  |x physiology. 
700 1 |a Martinez, J. L.  |q (Joe L.) 
830 0 |a Behavioral biology (New York, N.Y. : 1978) 
999 |a MARS 
999 f f |s a7b22a09-5b20-3e1f-a5a1-ec2d283325f9  |i 41e7166e-193c-3255-80b7-691db0bd5378  |t 0 
952 f f |p ric  |a Texas A&M University  |b Rellis Campus  |c Joint Library Facility  |d Remote Storage  |t 0  |e QP408 .E5  |h Library of Congress classification  |i unmediated -- volume  |m A14806224382 
998 f f |a QP408 .E5  |t 0  |l Remote Storage